000 00323 a2200157 4500
001 169927
020 _a
040 _cMagnum
100 _aMiranda, Helena
240 1 0 _aPedacinhos magicos
_lpor
245 1 0 _aPedacinhos magicos
362 0 _a1899
440 1 _aAo Livro Técnico
697 _aIJ/GERAL
942 _cBK
999 _c169927
_d169927